Score 0/16 Timer 03:00
1 Play Today
Scrambled Center 6-Letter Word % Correct
TROWgrowth
90.6%
AVERgravel
90%
LOLAgallop
88.1%
DEERgreedy
88%
TROTgrotto
87.3%
PAINgaping
86.5%
HIESgeisha
85.5%
DOLEgolden
84.4%
Scrambled Center 6-Letter Word % Correct
RAILgarlic
84%
IAMBgambit
82.9%
DEANgander
79.4%
YUPSgypsum
76.7%
OMENgenome
61%
TEALgelati
46.5%
RUNEgerund
43.9%
SINEgneiss
23.5%
Remove Ads.
Support Sporcle.
Get the best of Sporcle when you Go Orange. This ad-free experience offers more features, more stats, and more fun while also helping to support Sporcle. Thank you for becoming a member.

You're not logged in!

Compare scores with friends on all Sporcle quizzes.
OR
Log In

Show Comments

Extras

Top Quizzes Today


Score Distribution

Your Account Isn't Verified!

In order to create a playlist on Sporcle, you need to verify the email address you used during registration. Go to your Sporcle Settings to finish the process.

Report this User

Report this user for behavior that violates our Community Guidelines.

Details: